vufinder Bibliothèque Municipale de Charleval de Provence
Se connecter
« Retourner aux résultats de recherche

Lions de Sicile (Les)

Book Cover
Auteur principal: Stefania Auci
D'autres auteurs: Renaud Temperini
Support: Livres
Langue: Francais
Series: La Saga des Florio
Genre: Roman (gros caractères)
Collection:
Sujets:
Étiquettes: Ajouter
Pas de Tags !

LEADER 01070nam0a2200217 450
001 16847622
010 |a 978-2-37083-309-9  |b br.  |d 25,8 € 
100 |a 20210804d2021 u u0frey01 ba 
101 1 |a fre  |c ita 
102 |a FR 
200 0 |a Lions de Sicile (Les)  |f Stefania Auci  |g traduit de l'italien par Renaud Temperini 
207 1 |a   
215 |a 1 vol. (651 p.)  |d 24 x 15 cm 
225 1 |v 01 
330 |a Les frères Florio, Paolo et Ignazio, montent une épicerie à Palerme en 1799. Ambitieux mais rivaux en amour, ils deviennent des hommes riches et puissants. Vincenzo, le fils de Paolo, reprend l'affaire familiale à la mort de son père et construit l'empire Florio. Le succès de Vincenzo, considéré comme un parvenu par la bonne société palermitaine, en irrite plus d'un. 
461 0 |t La Saga des Florio  |v 01 
700 0 |a Auci  |b Stefania  |4 70 
702 0 |a Temperini  |b Renaud  |4 730 
900 |a Roman (gros caractères) 
901 |a Accessible au prêt 
995 |a Bibliothèque  |c Bibliothèque  |f 00156009938358  |h 00156009938358  |k R AUC 1  |o p  |q a  |r az  |e Bibliothèque 

Options de recherche

Historique de recherche
Recherche avancée

Trouver plus

Nouveautés

Besoin d'aide ?

Contacter un bibliothécaire